Mezinárodní oceňovací standardy s účinností od 31. ledna 2022
Gespeichert in:
| Format: | Buch |
|---|---|
| Sprache: | Tschechisch Englisch |
| Veröffentlicht: |
Jesenice
Ekopress
2022
|
| Schlagworte: | |
| Tags: |
Keine Tags, Fügen Sie das erste Tag hinzu!
|
MARC
| LEADER | 00000nam a2200000 4500 | ||
|---|---|---|---|
| 001 | 0298968 | ||
| 005 | 20240517093313.0 | ||
| 020 | |a 978-80-87865-78-1 | ||
| 041 | 0 | |a cze | |
| 041 | 0 | |a eng | |
| 044 | |a CZ | ||
| 245 | 1 | 0 | |a Mezinárodní oceňovací standardy |b s účinností od 31. ledna 2022 |
| 264 | 1 | |a Jesenice |b Ekopress |c 2022 | |
| 300 | |a 143 s. | ||
| 610 | 2 | 0 | |a štandardy ohodnocovacie medzinárodné |
| 610 | 2 | 0 | |a oceňovanie ekonomické |
| 610 | 2 | 0 | |a ohodnocovanie podniku |
| 610 | 2 | 0 | |a nástroje finančné |